Niezapomniane Jedenastki #16: Holandia 2010 - Statystyki

Ogólne statystyki
  • Ten quiz został rozwiązany 97 razy
  • Średni wynik to 6 z 11
Statystyki odpowiedzi
Pozycja Klub Zawodnik % Poprawnych
PS Bayern Arjen Robben
97%
N Arsenal Robin van Persie
95%
ŚPO Inter Wesley Sneijder
92%
LS Liverpool Dirk Kuyt
69%
ŚPD Bayern Mark van Bommel
59%
ŚPD Man City Nigel de Jong
57%
BR Ajax Maarten Stekelenburg
53%
LO Feyenoord Giovanni van Bronckhorst
47%
ŚO Everton Johnny Heitinga
42%
PO Ajax Gregory van der Wiel
19%
ŚO HSV Joris Mathijsen
13%
Nie znaleziono quizów pasujących do podanych kryteriów
Rozkład punktacji
Procent ludzi z każdym wynikiem
Percentyl według liczby udzielonych odpowiedzi
Twoja historia wyników
Nie rozwiązałeś tego quizu